=LDR 00000nam 2200000 4500 =001 INLIS000000000040459 =005 20130612150026 =008 ***********************************Ind** =035 ##$$0010-061300000040459 =041 ##$$a Ind =082 ##$$a 658.4 =090 ##$$a 658.4, Kou k =100 ##$$a Kouzes, James M =245 ##$$a Kredibilitas/James M. Kauzes; alih bahasa, Anton Adiwiyoto =260 ##$$a 1997 $b Jakarta =300 ##$$a 373 hlm., 22 cm =650 ##$$a Kepemimpinan =700 ##$$a Adwiyoto, Anton =850 ##$$a NBPNMAT =990 ##$$a 94020/BPAP-NTB/2014 =990 ##$$a 0001/BPAP-NTB/20142015 =990 ##$$a 0003/BPAP-NTB/2016